Análisis del comportamiento de bancos de capacitores en subestaciones : SP-2108: Seminario II

Guardat en:
Dades bibliogràfiques
Autor principal: López Jiménez, Ismael
Format: Desconegut
Idioma:Spanish
Publicat: [San José ], Costa Rica : Universidad de Costa Rica. Sistema de Estudios de Posgrado. Escuela de Ingeniería Eléctrica 1998
Matèries:
Etiquetes: Afegir etiqueta
Sense etiquetes, Sigues el primer a etiquetar aquest registre!

MARC

LEADER 00000 a2200000 4500
003 002470
005 20221231143827.0
008 140114s1998 cr a 000 ||spa d
040 |c cru CEDI 
082 |a 621.319.1 L864a 
100 |a López Jiménez, Ismael   |9 21558 
245 |a Análisis del comportamiento de bancos de capacitores en subestaciones : SP-2108: Seminario II 
260 |c 1998  |a [San José ], Costa Rica : Universidad de Costa Rica. Sistema de Estudios de Posgrado. Escuela de Ingeniería Eléctrica  
300 |a 22 páginas :ilustraciones 
650 |x BANCOS DE CONDENSADORES  |9 21559 
942 |2 ddc  |c BK 
999 |c 12653  |d 12653